Normal view MARC view
  • Gladwell, Malcolm,

Entry Personal Name

Number of records used in: 1

001 - CONTROL NUMBER

  • control field: 38953

003 - CONTROL NUMBER IDENTIFIER

  • control field: OSt

005 - DATE AND TIME OF LATEST TRANSACTION

  • control field: 20151221155846.0

008 - FIXED-LENGTH DATA ELEMENTS

  • fixed length control field: 151221|| aca||aabn | a|a d

040 ## - CATALOGING SOURCE

  • Original cataloging agency: OSt

100 1# - HEADING--PERSONAL NAME

  • Personal name: Gladwell, Malcolm,
  • Dates associated with a name: 1963-